Fundamentals of musical accoustics (Record no. 16170)

MARC details
000 -LEADER
fixed length control field 00544nam a22001697a 4500
008 - FIXED-LENGTH DATA ELEMENTS--GENERAL INFORMATION
fixed length control field 161007b xxu||||| |||| 00| 0 eng d
020 ## - INTERNATIONAL STANDARD BOOK NUMBER
International Standard Book Number 0486264844
040 ## - CATALOGING SOURCE
Original cataloging agency KABU
Transcribing agency KABU
050 ## - LIBRARY OF CONGRESS CALL NUMBER
Classification number ML3805
Item number .B46 1990 C.1
100 ## - MAIN ENTRY--PERSONAL NAME
Personal name Benade, Arthur H.
245 ## - TITLE STATEMENT
Title Fundamentals of musical accoustics
Statement of responsibility, etc. by Arthur H. Benade
250 ## - EDITION STATEMENT
Edition statement 2nd rev. ed.
260 ## - PUBLICATION, DISTRIBUTION, ETC. (IMPRINT)
Place of publication, distribution, etc. New York
Name of publisher, distributor, etc. Dove publication
Date of publication, distribution, etc. 1990
300 ## - PHYSICAL DESCRIPTION
Extent xii, 596 p.
650 ## - SUBJECT ADDED ENTRY--TOPICAL TERM
Source of heading or term Music
General subdivision Acoustics and physics
942 ## - ADDED ENTRY ELEMENTS (KOHA)
Source of classification or shelving scheme Library of Congress Classification
Koha item type General Collection
Edition 2nd rev. ed.
Classification part ML3805 .B46 1990 C.1
Holdings
Withdrawn status Lost status Source of classification or shelving scheme Not for loan Home library Current library Shelving location Date acquired Cost, normal purchase price Total Checkouts Full call number Barcode Date last seen Copy number Price effective from Koha item type Date last checked out
    Library of Congress Classification   Kabarak, Main Campus Kabarak, Main Campus General Stacks 07/10/2016 1657.50   ML3805 .B46 1990 C.1 026919 07/10/2016 C.1 07/10/2016 General Collection  
    Library of Congress Classification   Kabarak, Main Campus Kabarak, Main Campus General Stacks 07/10/2016 1657.50 1 ML3805 .B46 1990 C.2 026918 12/03/2018 C.2 07/10/2016 General Collection 10/02/2018
Designed with assistance from East African Informatics Ltd